THE ENCYCLOPEDIA OF LAND WARFARE IN THE 20TH CENTURY (Record no. 581973)

000 -LEADER
fixed length control field 00297nam a22001217a 4500
020 ## - INTERNATIONAL STANDARD BOOK NUMBER
International Standard Book Number 0-600-331458
082 ## - DEWEY DECIMAL CLASSIFICATION NUMBER
Classification number 355.0203 ENC'S
100 ## - MAIN ENTRY--PERSONAL NAME
Personal name SALOMANDER
9 (RLIN) 76627
245 ## - TITLE STATEMENT
Title THE ENCYCLOPEDIA OF LAND WARFARE IN THE 20TH CENTURY
260 ## - PUBLICATION, DISTRIBUTION, ETC.
Place of publication, distribution, etc. LONDON
Name of publisher, distributor, etc. SPRING
Date of publication, distribution, etc. 1977
300 ## - PHYSICAL DESCRIPTION
Extent 248P
942 ## - ADDED ENTRY ELEMENTS (KOHA)
Koha item type Book
Holdings
Withdrawn status Lost status Damaged status Not for loan Permanent Location Current Location Shelving location Date acquired Total Checkouts Full call number Barcode Date last seen Price effective from Koha item type
        College of Electrical & Mechanical Engineering (CEME) College of Electrical & Mechanical Engineering (CEME) Reference 06/01/2017   355.0203 ENC'S CEME-10982 06/28/2021 06/28/2021 Book
© 2023 Central Library, National University of Sciences and Technology. All Rights Reserved.